| 000 | 01258nam a22003135i 4500 | ||
|---|---|---|---|
| 999 |
_c27565 _d27536 |
||
| 003 | EG-ScBUE | ||
| 005 | 20191020154007.0 | ||
| 008 | 190704s2002 ua frb 000 0 ara d | ||
| 017 | _a2002 / 10938 | ||
| 020 | _a9772236249 | ||
| 040 |
_aEG-ScBUE _bara _erda _cEG-ScBUE _dEG-ScBUE |
||
| 043 | _aa-kn--- | ||
| 082 | 0 | 4 |
_a320.95193 _bت ح و _222 |
| 245 | 0 | 2 |
_aالتحولات السياسية في كوريا / _cتحريرعبد العزيز شادي، مدحت أيوب. |
| 246 | 3 | 5 | _aPolitical transformations in Korea |
| 264 | 1 |
_aالجيزة، مصر : _bمركز الدراسات الآسيوية، كلية الاقتصاد والعلوم السياسية، جامعة القاهرة، _c2002. |
|
| 300 |
_a207 صفحة ؛ _c24 سم |
||
| 336 |
_2rdacontent _aنص _btxt |
||
| 337 |
_2rdamedia _aبدون وسيط _bn |
||
| 338 |
_2rdacarrier _aمجلد _bnc |
||
| 504 | _aيشتمل على إرجاعات ببليوجرافية. | ||
| 541 |
_aDr. Gamal Selim ; _cDonation ; |
||
| 650 | _2BUEsh | ||
| 651 | 7 |
_aكوريا الشمالية _xسياسة وحكومة. _2BUEsh |
|
| 653 |
_bBUSBOL _bMASPPSS _cJuly2019 |
||
| 700 | 1 |
_aشادي، عبد العزيز، _eمحرر. |
|
| 700 | 1 |
_aأيوب، مدحت، _eمحرر. |
|
| 942 | _2ddc | ||